| 000 | 00580nam a2200181Ia 4500 | ||
|---|---|---|---|
| 008 | 090630s9999 xx 000 0 und d | ||
| 082 | _b26076 | ||
| 100 | _aवाळिंबे वि. स. | ||
| 245 |
_aतीन युद्धकथा. _cवाळिंबे वि. स. |
||
| 260 |
_bअभिजीत. _c2001 |
||
| 300 | _a190 | ||
| 600 | _aवाळिंबे वि. स. | ||
| 630 | _aतीन युद्धकथा. | ||
| 655 | _a--- | ||
| 700 | _aवाळिंबे वि. स. | ||
| 730 | _aतीन युद्धकथा. | ||
| 942 | _cBOOK | ||
| 999 |
_c277932 _d277932 |
||